| 000 | 00333nam a22001337a 4500 | ||
|---|---|---|---|
| 008 | 180927b xxu||||| |||| 00| 0 eng d | ||
| 020 | _a9780231129930 | ||
| 041 | _aeng | ||
| 080 | _a616.12 | ||
| 100 | _a10 | ||
| 101 | _aNUT | ||
| 245 |
_aA Revolution In Eating How Quest For Food America _cJames.M.E |
||
| 942 |
_2udc _cBK |
||
| 999 |
_c48538 _d48538 |
||